[Event "Herne-ch 14th"]
[Site "Herne"]
[Date "2011.02.15"]
[Round "2"]
[White "Pohl, Martin"]
[Black "Grunwald, Guenther"]
[Result "1-0"]
[WhiteElo "1700"]
[BlackElo "1695"]
[PlyCount "89"]
[EventDate "2011.02.07"]
[EventType "swiss"]
[EventRounds "7"]
[EventCountry "GER"]
[SourceTitle "EXT 2014"]
[Source "ChessBase"]
[SourceDate "2013.11.20"]
[SourceVersion "1"]
[SourceVersionDate "2013.11.20"]
[SourceQuality "1"]

1. c4 e5 2. g3 c6 3. Bg2 d5 4. cxd5 cxd5 5. d3 Nf6 6. Nc3 Be6 7. Bg5 Be7 8. Nf3 Nc6 9. 0-0 h6 10. Bd2 0-0 11. a3 a6 12. Rc1 Qd7 13. Na4 Qd8 14. b4 e4 15. Ne1 Na7 16. Nc3 Nb5 17. Nc2 Qd7 18. dxe4 Nxc3 19. Bxc3 Nxe4 20. Bb2 Bf6 21. Bxf6 Nxf6 22. Nd4 Rac8 23. Qb3 Rxc1 24. Rxc1 Rc8 25. Rd1 Qc7 26. e4 Qc4 27. Qxc4 Rxc4 28. Nxe6 fxe6 29. exd5 exd5 30. Bxd5+ Nxd5 31. Rxd5 Rc7 32. Kg2 Kf7 33. Kf3 Rc3+ 34. Ke4 Rxa3 35. Rd7+ Kg8 36. Rxb7 Rb3 37. f4 a5 38. b5 a4 39. Kd5 a3 40. Kc4 Rb2 41. h3 Rg2 42. Ra7 Rxg3 43. b6 Rf3 44. b7 Rxf4+ 45. Kb3 1-0

[Event "Ruhrgebiet VK2 0910"]
[Site "Ruhrgebiet"]
[Date "2010.02.21"]
[Round "7.7"]
[White "Pohl, Martin"]
[Black "Langaditis, Sevastianos"]
[Result "0-1"]
[WhiteElo "1713"]
[BlackElo "1775"]
[PlyCount "94"]
[EventDate "2009.09.06"]
[EventType "team"]
[EventRounds "9"]
[EventCountry "GER"]
[SourceTitle "EXT 2011"]
[Source "ChessBase"]
[SourceDate "2010.11.26"]
[SourceVersion "1"]
[SourceVersionDate "2010.11.26"]
[SourceQuality "1"]
[WhiteTeam "Unser Fritz"]
[BlackTeam "Unna SV"]
[WhiteTeamCountry "GER"]
[BlackTeamCountry "GER"]

1. c4 e5 2. Nc3 d6 3. g3 Nf6 4. Bg2 Be7 5. e3 c6 6. Nge2 Nbd7 7. 0-0 Nf8 8. b3 Ng6 9. Bb2 Be6 10. f4 Qc8 11. Qc2 Bf5 12. e4 Bh3 13. f5 Bxg2 14. Kxg2 Nf8 15. d4 N8d7 16. Rad1 Qc7 17. Qd2 0-0 18. h3 b5 19. cxb5 cxb5 20. dxe5 Nxe5 21. Nf4 Rfe8 22. Nfd5 Qb7 23. Nxf6+ Bxf6 24. Nd5 Nd7 25. Rc1 Rac8 26. Rxc8 Rxc8 27. Bxf6 Nxf6 28. Nxf6+ gxf6 29. Rf4 Qc6 30. Qd4 Qc2+ 31. Rf2 Qb1 32. Qxf6 Qxe4+ 33. Kh2 Qe3 34. Qb2 Rc3 35. Rg2 d5 36. a4 b4 37. Qf2 Qxf2 38. Rxf2 Rxb3 39. Rd2 Ra3 40. Rxd5 b3 41. f6 h6 42. h4 Rxa4 43. Rb5 Ra2+ 44. Kh3 b2 45. Rb7 a5 46. Kg4 Ra4+ 47. Kh5 Rb4 0-1

[Event "Ruhrgebiet Daehne Cup"]
[Site "Ruhrgebiet"]
[Date "2001.02.17"]
[Round "1"]
[White "Radi, Guenter"]
[Black "Pohl, Martin"]
[Result "1-0"]
[WhiteElo "1935"]
[BlackElo "1570"]
[PlyCount "89"]
[EventDate "2002.02.17"]
[EventType "k.o."]
[EventRounds "4"]
[EventCountry "GER"]
[SourceTitle "EXT 2024"]
[Source "ChessBase"]
[SourceDate "2023.10.10"]
[SourceVersion "1"]
[SourceVersionDate "2023.10.10"]
[SourceQuality "1"]

1. d4 d5 2. Nf3 Bf5 3. c4 c6 4. e3 Nd7 5. Nc3 Ngf6 6. cxd5 cxd5 7. Bb5 Bg4 8. h3 Bxf3 9. Qxf3 a6 10. Bxd7+ Qxd7 11. Bd2 e6 12. Qg3 Qd6 13. Qxd6 Bxd6 14. Rc1 b5 15. a3 Rc8 16. Ke2 Kd7 17. f3 Nh5 18. Rhd1 Ng3+ 19. Kf2 Nf5 20. e4 Ne7 21. g4 dxe4 22. fxe4 Ng6 23. e5 Be7 24. Ne4 Rxc1 25. Rxc1 Rc8 26. Rxc8 Kxc8 27. Kf3 Kd7 28. Bg5 Bf8 29. Bd2 h6 30. Nf2 Ne7 31. Bb4 Ng6 32. Bxf8 Nxf8 33. Nd3 a5 34. Ke4 Kc6 35. Nf4 g5 36. Nh5 Nd7 37. b3 b4 38. a4 Kc7 39. Ng7 Kd8 40. Kd3 Nb6 41. Nh5 Ke7 42. Nf6 Kf8 43. Ne4 Ke7 44. Nd6 f5 45. gxf5 1-0